000 01133nas a2200313 i 4500
001 1655
003 ES-MaACL
005 20250813110908.0
007 t|
008 950801d19861997sp b| | 1 ||pa d
022 _a1133-0554
080 _a(460)
080 _a001
245 0 0 _aPolítica científica /
_cSecretaria de Estado de Universidades e Investigación.
260 _aMadrid :
_bComisión Interministerial de Ciencia y Tecnología,
_c1986-1997.
300 _a5 v. ;
_c29 cm.
310 _aBimestral
362 0 _anº 1 (1986) - nº 47 (1997)
650 1 7 _aCiencia
_2embne
_910929
655 7 _2tgfbne
_9226866
_aRevistas
710 1 _aEspaña.
_bSecretaría de Estado de Universidades e Investigación.
_93966
710 1 _aEspaña.
_bComisión Interministerial de Ciencia y Tecnología.
_93636
852 _aES-MaACL
_jHem-1813
_zExpurgado marzo 2025; posterior 1958
856 _uhttps://dialnet.unirioja.es/servlet/revista?codigo=17732
_ySumarios de la revista en Dianet
866 0 _o(1987)1988(1989f.n.16)1990-97
942 _2udc
_cPERIODICA
999 _c1655
_d1655